01594nam a2200325 i 4500003001000000005001700010007000300027008004100030020001800071040003500089041000800124084001000132100003200142245013800174250002200312264006900334300007500403336002700478337003300505338002800538490004300566520031200609650004700921650004300968650006101011700003401072942001501106999001701121952013001138CO-BoRNBP20250130165907.0ta250130s2015 Uy a|||| |||| 00| 0 spa d a9789871208883 aCO-BoRNBPbspacCO-BoRNBPerda aspa aN DAH1 aDahl, Michaeleautor95789413aLo que cayó del cielo:bLibro I/cMichael Dahl, ilustraciones, Ben Kovar; traducción y adaptación, Equipo Editorial Cypres S.A. aPrimera edición 4aBuenos Aires, Argentina, b©Latinbooks International S.A.c2015 a112 páginas, bilustraciones, tapa blanda, calto 20 cm ancho 14 cm  2rdacontentatextobtxt 2rdamediaasin mediaciónbn 2rdacarrieravolumenbnc aTroll Hunters pCazadores de Trollsv1 aSobre el pequeño pueblo de Zion Falls, las estrellas caen del cielo. Debajo de la ciudad dormida, un mal ancestral despierta. Una fatídica noche, cuatro amigos descubren poderes ocultos que superan sus sueños más increíbles... enemigos más oscuros que sus peores pesadillas. Opiniones del libro. 2LEMBaLiteratura infantil y juvenil957895 2LEMBaNovela infantil y juvenil957896 2LEMBaNarrativa infantil y juvenil Estadounidense957897 aKovar, Beneilustrador957898 2ddccBKINF c56857d56857 00102ddc40708INFaMEGUAMALbMEGUAMALcSInfd2024-12-09l0oN DAHpGUA004703r2025-01-30 16:52:59tEj.1w2025-01-30yBKINF